| 000 | 00395nam a2200169Ia 4500 | ||
|---|---|---|---|
| 008 | 210210b1950 xxu||||| |||| 00| 0 eng d | ||
| 041 | _aeng | ||
| 082 | _a536/37 | ||
| 100 | _aFINKELNBURG (Wolfgang) | ||
| 245 | _aAtomic physics | ||
| 260 |
_aNew York _bMcGraw Hill Book Co _c1950 |
||
| 300 | _a498 | ||
| 650 | _aphysics | ||
| 650 | _aAtomic | ||
| 690 | _aAtomic Physics | ||
| 906 | _a008835 | ||
| 999 |
_c126793 _d126793 |
||